=LDR 00000nam 2200000 4500 =001 INLIS000000000031492 =005 20130612133547 =008 ***********************************ind** =035 ##$$0010-061300000031492 =041 ##$$a ind =082 ##$$a 027.8 =090 ##$$a 027.8, Sum, p =100 ##$$a SUMANTRI, M.T =245 ##$$a Panduan Penyelenggaraan Perpustakaan Sekolah , M.T Sumantri =260 ##$$a Remaja Rosdakarya $b Bandung =300 ##$$a IV, 107 hlm., , ilus., , 21 cm =650 ##$$a PERPUSTAKAAN SEKOLAH =850 ##$$a NBPNMAT =990 ##$$a 72967296 =990 ##$$a 01201807296